Surveying sisters (Record no. 89123)

MARC details
000 -LEADER
fixed length control field 01033cam a2200229 4500
005 - DATE AND TIME OF LATEST TRANSACTION
control field 20251017153332.0
008 - FIXED-LENGTH DATA ELEMENTS--GENERAL INFORMATION
fixed length control field 090401t1991 xxu||||| |||| 00| 0 eng d
020 ## - INTERNATIONAL STANDARD BOOK NUMBER
International Standard Book Number 0415044898
035 ## - SYSTEM CONTROL NUMBER
System control number (Sirsi) u27534
041 ## - LANGUAGE CODE
Language code of text/sound track or separate title eng
050 ## - LIBRARY OF CONGRESS CALL NUMBER
Classification number 331.481333
100 ## - MAIN ENTRY--PERSONAL NAME
Personal name Greed, Clara
245 ## - TITLE STATEMENT
Title Surveying sisters
Remainder of title women in a traditional male profession
260 ## - PUBLICATION, DISTRIBUTION, ETC.
Place of publication, distribution, etc. London
Name of publisher, distributor, etc. Routledge
Date of publication, distribution, etc. 1991
300 ## - PHYSICAL DESCRIPTION
Extent ix, 242p.
Dimensions 22cm.
350 ## - PRICE (NR) (BK AM CF MU VM SE) [OBSOLETE]
Price 10.99
520 ## - SUMMARY, ETC.
Summary, etc. Investigates the position of women in surveying education and practice. Part one considers the perceptions and position of women chartered surveyors. Part two takes a historical perspective. Part three describes current education and practice. Part four examines implications for the built environment and the surveying profession. Appendices include RICS membership figures in 1989 and a comparison with other professions.
650 ## - SUBJECT ADDED ENTRY--TOPICAL TERM
Topical term or geographic name entry element EBOOK
690 ## - LOCAL SUBJECT ADDED ENTRY--TOPICAL TERM (OCLC, RLIN)
Topical term or geographic name as entry element CAREERS, EDUCATION AND TRAINING-RICS RAISING THE RATIO CAMPAIGN
942 ## - ADDED ENTRY ELEMENTS (KOHA)
Suppress in OPAC 0
Source of classification or shelving scheme Dewey Decimal Classification
948 ## - LOCAL PROCESSING INFORMATION (OCLC); SERIES PART DESIGNATOR (RLIN)
c (OCLC) 04/03/1997
Holdings
Withdrawn status Lost status Source of classification or shelving scheme Damaged status Not for loan Home library Current library Shelving location Date acquired Total Checkouts Full call number Barcode Date last seen Date last checked out Copy number Price effective from Koha item type Public note
    Dewey Decimal Classification     London London Books 19/08/2004 12 331.481333 GRE 30069463 02/01/2024 17/06/2009 2 06/08/2019 Book  
    Dewey Decimal Classification     London London Surveying Profession history 02/01/2024   HISTORY OF THE RICS   18/06/2025   1 02/01/2024 Book  
    Dewey Decimal Classification     Virtual Virtual Online 17/10/2025   EBOOK   17/10/2025   3 17/10/2025 Book Available via Vlebooks (email [email protected] if you do not have a login)